000 00466nam a22001937a 4500
003 MPLRDC
005 20220104123515.0
008 210129b ||||| |||| 00| 0 eng d
020 _a957-699-000-9
082 _a225 XHSR
100 _a涂幸枝、张果赋编著
245 _a春日莲华
_c
250 _a初版
260 _a
_b智慧之源出版社
_c1992
300 _b
490 _a宣化上人般若语库;1
650 _a
942 _cBK
_o225 XHSR
999 _c11973
_d11963